| 000 | 00430nam a2200145Ia 4500 | ||
|---|---|---|---|
| 008 | 151021s9999 xx 000 0 und d | ||
| 020 | _a132017733 | ||
| 050 | _aTK911.3.M3K68 2010 | ||
| 245 | _a_Markting for Hospitality and Tourism (5th ed) | ||
| 260 | _anew Jersey Pearson Education 2010 | ||
| 300 | _axxiv,932p.;ill | ||
| 500 | _aInclude Index | ||
| 650 | _a_Hospitality and Tourism | ||
| 980 | _a^d20110808 10:46:21^oanne | ||
| 999 |
_c6211 _d6211 |
||